Angyal

Bibliographic Details
Main Author: Ferdinandy, Alina, 1926-1974 (Author)
Format: Book
Language:Slovak
PhysicalDescription:104 s. ilustr., portréty 23 cm
Published: Bratislava Tvar 1950
Series:Knižnice výtvarného umenia
Subjects:

MARC

LEADER 00000cam a2200000 a 4500
001 vtls001170911
003 SK-MaSNL
005 20260413122807.0
008 250414s1950 xo ac grhn 00000bslo
015 |a SNBA1950/06 
020 |q (viaz.) 
035 |a SNK000113892 
040 |a SNK  |b slo  |c SNK  |e AACR2 
041 0 |a slo 
044 |a xo  |c SK 
072 7 |a 75  |x Maliarstvo  |2 konspekt 
072 7 |a 929  |x Biografie  |2 konspekt 
080 |a 92 Angyal, Gejza:75(437.6)(091)(084.1)  |2 1981 
080 |a 75(437.6)(091)(084.1)  |2 1981 
080 |a 75(437.6)  |2 2011 
080 |a 75.071.1-055.2  |2 2011 
080 |a 929(092)  |2 2011 
100 1 |a Ferdinandy, Alina,  |d 1926-1974  |4 aut  |9 38389 
245 1 0 |a Angyal  |c Alina Ferdinandy 
260 |a Bratislava  |b Tvar  |c 1950 
300 |a 104 s.  |b ilustr., portréty  |c 23 cm 
490 1 |a Knižnice výtvarného umenia  |v sv. 4 
500 |a viaz. vyd. 
504 |a Obsahuje bibliografiu 
600 1 7 |a Angyal, Gejza,  |d 1888-1956  |2 SNKMA  |9 192796 
650 0 7 |a slovenské maliarstvo  |2 SNKPH  |9 3124 
650 0 7 |a maliarky  |2 SNKPH  |9 93021 
655 7 |a biografie  |2 SNKPH  |9 27965 
830 0 |a Knižnice výtvarného umenia  |9 710750 
852 |a Slovenská národná knižnica 
954 |a obrazové publikácie zamerané na výtvarné umenie a fotografiu pôvodné (slovenské)  |2 lita 
958 |a OND 
958 |a RK 
958 |a TL 
958 |a NB 
999 |c 1108238  |d 1110168 
952 |t P60, <04>, [BOOK], {604}  |a SNK  |b SNK  |y VYP  |7 0  |p 17A0111724  |o snkSC 4441/4 D1  |0 0  |1 0  |4 0  |d 1997-12-02  |l 0  |r 2005-01-01 00:00:00  |w 2026-02-24